| 000 | 00381nam a2200145Ia 4500 | ||
|---|---|---|---|
| 008 | 230917s9999||||xx |||||||||||||| ||und|| | ||
| 040 |
_e113116 _aMAIN |
||
| 041 | _aEnglish | ||
| 082 | _a330.1 U1W | ||
| 100 | _aUnited Nations | ||
| 245 | 0 | _aWorld economic situation and prospects 2006 | |
| 260 |
_aNew Delhi _bAcademic Foundation _c2006 |
||
| 300 | _axvii, 160 p. | ||
| 942 | _cBK | ||
| 999 |
_c136255 _d136255 |
||